00596 2200193 4500001002100000005001500021035002000036007000300056008003900059082001000098084001700108100001300125245014700138260004100285300004200326650001100368650001000379022001300389INLIS00000000000094920240909091323 a0010-0924000027ta240909 | | |  a635.6 a635.6 LIL b0 aLili Guo1 aBiochar Promotes Nitrogen Transformation and Tomato Yield by Regulating Nitrogen-Related Microorganisms in Tomato Cultivation Soil /cLili Guo aSwitzerland, Basel :bMDPI AG,c2021 a1-20 hlm, :bilus, ;c21 cm X 29,5 cm 4aJurnal 4aTomat a20734395